MARC

LEADER 00000nas a2200000 a 4500
001 ssj0000397820
003 WaSeSS
005 20200512172242.0
006 m d
007 cr n
008 100705c199u9999bl br p s 0 0por c
010 |a  2010240766 
022 |a 1414-3984  |l 1414-3984 
035 |a (WaSeSS)ssj0000397820 
040 |a SHS  |b eng  |c SHS  |d OCLCQ  |d IXA  |d OCLCA  |d OCLCQ  |d CUS  |d OCLCQ  |d OCLCF  |d OCLCO  |d OCLCQ  |d OCLCA  |d AU@  |d WaSeSS 
042 |a pcc 
043 |a s-bl--- 
050 1 4 |a S671 
245 0 0 |a Engenharia na agricultura  |h [electronic resource]. 
246 1 |i Title on journal home page:  |a Revista Engenharia na agricultura 
260 |a Viçosa, MG :  |b Associação dos Engenheiros Agrícolas do Estado de Minas Gerais :  |b Departamento de Engenharia Agrícola, Universidade Federal de Viçosa 
310 |a Bimonthly 
506 |a License restrictions may limit access. 
588 |a Description based on: Vol. 16, n. 2 (abril-junho 2008); title from cover (publisher's Web site, viewed Dec. 7, 2010). 
588 |a Latest issue consulted: Vol. 18, no. 5 (2010) (viewed Dec. 7, 2010). 
650 0 |a Agricultural engineering  |v Periodicals. 
650 0 |a Agricultural engineering  |z Brazil  |v Periodicals. 
650 7 |a Agricultural engineering.  |2 fast  |0 (OCoLC)fst00800726 
651 7 |a Brazil.  |2 fast  |0 (OCoLC)fst01206830 
655 0 |a Electronic journals. 
710 2 |a Associação dos Engenheiros Agrícolas do Estado de Minas Gerais. 
710 2 |a Universidade Federal de Viçosa.  |b Departamento de Engenharia Agrícola. 
856 4 0 |z Full text available from Research Library: 01/01/2011 to present  |u https://search.proquest.com/publication/426377